|
|
|
|
| LEADER |
00899nam a2200229 a 4500 |
| 001 |
GR-MES7303 |
| 008 |
000724s19781996enk 000 0 gre d |
| 020 |
|
|
|a 0500202788
|
| 040 |
|
|
|a GrPaTEI
|b gre
|c GR-PaULI
|
| 040 |
|
|
|a GrPaTEI
|b gre
|c GR-PaULI
|
| 245 |
0 |
0 |
|a Modern music :
|b A concise history /
|c Paul Griffiths.
|
| 260 |
|
|
|a London :
|b Thames and Hudson,
|c 1996
|
| 300 |
|
|
|a 216 σελ. :
|b εικ.
|
| 300 |
|
|
|c βιβλιογραφία :
|
| 504 |
|
|
|a Βιβλιογραφία :σελ(201-205)
|
| 650 |
|
4 |
|a Ιστορία
|
| 650 |
|
4 |
|a ΜΟΝΤΕΡΝΑ ΜΟΥΣΙΚΗ
|
| 700 |
1 |
|
|a Griffiths, Paul,
|d 1947 November 24-
|
| 942 |
|
|
|2 ddc
|
| 952 |
|
|
|0 0
|1 0
|2 ddc
|4 0
|6 780_903000000000000_GRI
|7 0
|9 277645
|a MSLG
|b MSLG
|c BSC
|d 2021-01-17
|e 24
|f 0
|g 0.00
|l 0
|o 780.903 GRI
|p 2420000012585
|r 2021-01-17 00:00:00
|t 1
|w 2021-01-17
|y BK15
|x 20000724 0 1
|x GrPaTEI
|
| 971 |
|
|
|a .b25857721
|b 15-04-20
|c 14-09-16
|
| 999 |
|
|
|c 161375
|d 161375
|